De conspiraciones, ambiciones y elecciones : (Record no. 161865)
[ view plain ]
| 000 -CABECERA | |
|---|---|
| campo de control de longitud fija | 00759nam a2200241 u 4500 |
| 005 - FECHA Y HORA DE LA ÚLTIMA TRANSACCIÓN | |
| campo de control | 20251015063903.0 |
| 008 - ELEMENTOS DE LONGITUD FIJA--INFORMACIÓN GENERAL | |
| campo de control de longitud fija | 130221s2012 r 000 0 eng d |
| 020 ## - NÚMERO INTERNACIONAL NORMALIZADO PARA LIBROS | |
| Número Internacional Estándar del Libro | 9786070711244 |
| 035 ## - NÚMERO DE CONTROL DEL SISTEMA | |
| Número de control de sistema | UPN01000189762 |
| 049 ## - COLECCIÓN | |
| Colección | CG |
| 050 #4 - SIGNATURA TOPOGRÁFICA DE LA BIBLIOTECA DEL CONGRESO | |
| Número de clasificación | JL1292 |
| Número de documento/Ítem | G8.2 |
| 100 1# - ASIENTO PRINCIPAL--NOMBRE PERSONAL | |
| Nombre de persona | Guerrero, Jaime |
| 9 (RLIN) | 33730 |
| 245 10 - MENCIÓN DE TÍTULO | |
| Título | De conspiraciones, ambiciones y elecciones : |
| Resto del título | los grandes mitos de la política mexicana / |
| Mención de responsabilidad, etc. | Jaime Guerrero, Tere Vale. |
| 260 ## - PUBLICACIÓN, DISTRIBUCIÓN, ETC. | |
| Lugar de publicación, distribución, etc. | México : |
| Nombre del editor, distribuidor, etc. | Planeta, |
| Fecha de publicación, distribución, etc. | 2012. |
| 300 ## - DESCRIPCIÓN FÍSICA | |
| Extensión | 240 p. : |
| Otras características físicas | gráfs. |
| 440 #0 - MENCIÓN DE SERIE/ASIENTO SECUNDARIO--TÍTULO | |
| Título | Temas de hoy |
| 650 #2 - ASIENTO SECUNDARIO DE MATERIA - TERMINO TEMATICO | |
| Término de materia o nombre geográfico como elemento de entrada | Elecciones |
| Subdivisión geográfica | México |
| 9 (RLIN) | 5520 |
| 651 #7 - ASIENTO SECUNDARIO DE MATERIA - NOMBRE GEOGRAFICO | |
| Nombre geográfico | México |
| Subdivisión general | Política y gobierno |
| Subdivisión cronológica | 2000- |
| Fuente del encabezamiento o término | |
| 9 (RLIN) | 18481 |
| 650 #2 - ASIENTO SECUNDARIO DE MATERIA - TERMINO TEMATICO | |
| Término de materia o nombre geográfico como elemento de entrada | Conspiraciones |
| 9 (RLIN) | 10654 |
| 700 1# - ASIENTO SECUNDARIO--NOMBRE DE PERSONAL | |
| Nombre de persona | Vale, Tere, |
| Término indicativo de función/relación | coaut. |
| 9 (RLIN) | 42508 |
| 905 ## - TIPO DE MATERIAL | |
| Tipo de material | Libro |
| Estado de retiro | Estado de pérdida | Fuente del sistema de clasificación o colocación | Estado dañado | No para préstamo | Código de colección | Localización permanente | Ubicación/localización actual | Ubicación en estantería | Total de préstamos | Clasificación | Código de barras | Fecha visto por última vez | Número de copia | Tipo de ítem Koha |
|---|---|---|---|---|---|---|---|---|---|---|---|---|---|---|
| Library of Congress Classification | Colección General | Bib. Gregorio Torres Quintero | Bib. Gregorio Torres Quintero | Planta baja | JL1292 G8.2 | 288060 | 31/12/2020 | 1 | Libro | |||||
| Library of Congress Classification | Colección General | Bib. Gregorio Torres Quintero | Bib. Gregorio Torres Quintero | Planta baja | JL1292 G8.2 | 288062 | 31/12/2020 | 1 | Libro | |||||
| Library of Congress Classification | Colección General | Bib. Gregorio Torres Quintero | Bib. Gregorio Torres Quintero | Planta baja | 1 | JL1292 G8.2 | 288061 | 31/12/2020 | 1 | Libro |
